El descubrimiento de Méjico (Record no. 35777)

MARC details
000 -LEADER
campo de control de longitud fija 00617nam a2200193 i 4500
001 - NÚMERO DE CONTROL
campo de control 35777
003 - IDENTIFICADOR DE NÚMERO DE CONTROL
campo de control ES-MaACL
005 - FECHA Y HORA DE LA ÚLTIMA TRANSACCIÓN
campo de control 20230906155217.0
007 - CAMPO FIJO DE DESCRIPCIÓN FÍSICA--INFORMACIÓN GENERAL
campo de control de longitud fija t|
008 - DATOS DE LONGITUD FIJA--INFORMACIÓN GENERAL
campo de control de longitud fija 030214s1927 sp ||||1| spa d
100 1# - ENTRADA PRINCIPAL--NOMBRE DE PERSONA
Nombre de persona Bozal Pérez, Angel.
9 (RLIN) 31211
245 13 - MENCIÓN DEL TÍTULO
Título El descubrimiento de Méjico
Resto del título : una gloria ignorada: Juan de Grijalva /
Mención de responsabilidad, etc. Angel Bozal Pérez.
260 ## - PUBLICACIÓN, DISTRIBUCIÓN, ETC.
Lugar de publicación, distribución, etc. Madrid :
Nombre del editor, distribuidor, etc. Voluntad,
Fecha de publicación, distribución, etc. 1927.
300 ## - DESCRIPCIÓN FÍSICA
Extensión 320 p. :
Otras características físicas 1 map. pleg., il. ;
Dimensiones 17 cm.
490 1# - MENCIÓN DE SERIE
Mención de serie Manuales hispania. Serie E ;
Designación de volumen o secuencia 1
830 0# - PUNTO DE ACCESO ADICIONAL DE SERIE-TÍTULO UNIFORME
Título uniforme Manuales hispania. Serie E ;
Designación de volumen o secuencia 1
9 (RLIN) 229550
852 ## - LOCALIZACIÓN
Ubicación ES-MaACL
Número de control de estantería D-8951
Holdings
Estatus retirado Estado de pérdida Estado de daño No para préstamo Biblioteca de origen Biblioteca actual Ubicación en estantería Fecha de adquisición Fuente de adquisición Total de préstamos Signatura topográfica completa Código de barras Visto por última vez Precio de reemplazo Tipo de ítem Koha
        Biblioteca del Ateneo de Madrid Biblioteca del Ateneo de Madrid Sala Valle Inclán 17/01/2008     D-8951 901037478 23/02/2023 23/02/2023 Libro impreso